Statistics for Countries starting with the letter S

Click here to take the quiz!

General Stats

  • This quiz has been taken 12 times
  • The average score is 22 of 25

Answer Stats

Answer% Correct
Saudi Arabia
100%
Serbia
100%
Slovakia
100%
Slovenia
100%
South Africa
100%
South Sudan
100%
Spain
100%
Suriname
100%
Sweden
100%
Switzerland
100%
Syria
100%
San Marino
92%
Senegal
92%
Singapore
92%
Sri Lanka
92%
Saint Lucia
83%
Samoa
83%
Seychelles
83%
Somalia
83%
Saint Vincent and the Grenadines
75%
Sao Tome and Principe
75%
Sudan
75%
Saint Kitts and Nevis
67%
Sierra Leone
58%
Solomon Islands
58%

Score Distribution

Percentile by Number Answered

Percent of People with Each Score

Your Score History

You have not taken this quiz